000 00578cam a22002171 4500
001 sa 68007293
003 DLC
005 20260227112522.0
008 890613s1968 ii 000 0 hino
010 _asa 68007293
035 _a(OCoLC)19863800
040 _aDLC
_cWaU
_dDLC
042 _apremarc
050 0 0 _aPK2098.S5355
_bC537
100 1 _aŚarmā, Kṛshṇadeva.
245 1 0 _aĀcārya Rāmacandra Sukla aura Cintāmaṇi.
260 _c[1968]
300 _a2, 248 p.
_c18 cm.
500 _aIn Hindi.
600 1 0 _aShukla, Ram Chandra,
_d1884-1941.
_tCintāmaṇi.
999 _c81785
_d81785